Statistics for The Ultimate Stranger Things Quiz

Click here to take the quiz!

General Stats

  • This quiz has been taken 3,542 times
    (3,499 since last reset)
  • The average score is 57 of 225

Answer Stats

Question/HintAnswer% Correct
Which main character speaks first?Mike
95%
What town do the events take place in?Hawkins
93%
What year do the events of the first series take place in?1983
87%
What is the name of the Hawkins Police Chief?Jim Hopper
82%
What is the name of Will's mother?Joyce Byers
81%
What is the name of the girl in the hospital gown?Eleven
80%
What are the names of the other 3 boys?Dustin Lucas Will
78%
What number does one of the characters role at the end of the D&D game?7
77%
What is the name of the monster the children are trying to avoid in their game of D&DThe Demogorgon
75%
What food does Mike bring to Eleven in the morning?Eggo Waffle
71%
How many goons does Hopper take out around the bus?3
67%
Who is Nancy's Boyfriend? (Full name)Steve Harrington
67%
How many scientists investigate the Byers house?3
66%
How many orderlies did Eleven kill when they tried to shut her in the cell?2
65%
What does Dustin use to test the buoyancy of the water?Eggs
65%
Who is acting strange on the way to the gate?Eleven
65%
What does Will pick up in the shed?A Rifle
63%
Who finds the dress that Eleven wears for the rest of the series?Lucas
63%
What is left in the box for Eleven?Food
62%
Who's picture does Eleven call pretty?Nancy's
62%
How many boxes of Eggos does Eleven steal? | How many vans chase the kids?4
61%
How many people have been taken throughout the week according to Dr. Brenner?6
61%
What channel do the boys use on their walkie-talkies?Six
61%
How many yellow roses are thrown into Will's grave?5
60%
How many agents are on the Wheelers' lawn when Ted opens the door? | How many henchmen and agents does Eleven kill in the hallway?8
57%
What is the name of the burger diner owner?Benny Hammond
57%
Friends don't _____?Lie
57%
What song does Jonathon introduce to Will?Should I Stay or Should I Go
56%
What does Eleven first say to Mike?No
55%
What does Eleven call the other dimension?The Upside Down
55%
Where does the Chief suggest Will has gone to?Lonnie's House
54%
What does the chief find on the road the boys mentioned?Will's Bike
51%
Name one of the nicknames Troy gives to the 3 boys?Frogface Midnight Toothless
47%
What do Steve and Nancy do whilst Barbara dies?Have Sex
47%
Who says "Am I speaking Chinese in this house?"Karen Wheeler
47%
What is the Chiefs deceased daughter called?Sarah
47%
What is the name of the first Chapter?The Vanishing of Will Byers
47%
What body part does Barbara cut?Thumb
47%
What sport was Lonnie going to take Will to see?Baseball
44%
What do the boys see being pulled out of the quarry water?Will's Body
44%
What does Will roll in the last D&D game?14
43%
What does Nancy almost hit Steve with?A Bat
43%
What does Nancy find when she goes looking for Barb?Her Car
43%
Who's room does the Demogorgon contact first?Will's
43%
Who assaults a police officer? | Who can't tie a tie?Jonathan
42%
What does Will tell Joyce to do through the lights, right before the Demogorgon appears?RUN
42%
What is Nancy's best friend called? (Full name)Barbara Holland
40%
What does Eleven call Dr. Brenner in the hallway?Bad/Papa
39%
What does Mr. Clarke have delivered for the boys?Healthkit Ham Shack Radio
39%
Who turns up to the Byers house after the wall is damaged?Lonnie
39%
What animal did Dr. Brenner try to have Eleven kill?Cat
37%
Which family members arrive at the school to find Micheal?Karen and Ted
37%
What part of the body does Mike cut when he is tripped by Troy?Chin
36%
Mornings are for coffee and ____________?Contemplation
36%
Who does Hopper claim he is at Hawkins Lab to see?Dr. Brenner
36%
What do Dr. Brenner and Eleven call the sensory deprevation tank?The Bath
36%
How many boxes of Christmas lights does Joyce buy at the General Store?16
35%
What new item of clothing did Nancy wear to Steve's party?A New Bra
35%
Who falls in the pool first?Carol
34%
What does Steve plan to do on Tuesday night?Have a House Party
34%
What happens to Eleven when she uses her powers too much?Nose Bleed
34%
What injured animal do Nancy and Jonathan see in the woods?A Deer
33%
What do they theorise that the Monster is attracted to?Blood
33%
What is the name of Terry Ives daughter?Jane
33%
What do Mike and Eleven do that is probably the cutest thing ever?Kiss
33%
What road do the boys mention when the chief asks them at school?Mirkwood
32%
What does Eleven do to the van?Flips it Over Them Like a Badass
31%
What does Eleven make Troy do?Pee himself
31%
What object is the portal that Nancy goes through?A Tree
30%
What does Joyce want to see to prove it's Will's body?Birthmark
30%
What body part does Dustin say that Will broke when he fell from his bike?Finger
30%
What does Eleven do to the D&D game board?Flips it
29%
What state is Hawkins in?Indiana
28%
What does Lucas say solidifies a promise?Spit
28%
What time does Mike ask Eleven to meet him outside his house?3:15
27%
What does Hopper find in his ceiling light?A Bug
27%
What illness does Hopper's daughter have?Cancer
27%
What does Hopper find wrong with Will's body?It's Filled With Cotton Stuffing (Fake)
27%
What do Jonathan and Nancy plan to do when the see the Demogorgon?Kill it
27%
What does Dustin contribute to Operation Mirkwood?Snacks
27%
What does Nancy and Steve get Jonathan for Christmas?A New Camera
26%
What does Eleven do to Lucas?Makes Him Fly Through the Air
26%
What advert makes Eleven have a painful memory?Coke
25%
What brand of chair does Ted Wheeler sleep in?La-z-boy
25%
What does the cinema billboard call Nancy?Nancy 'the Slut' Wheeler
25%
What is Will doing through the radio at the start of Chapter 4?Singing
25%
What does Eleven do to the fan in the diner?Stops it with her mind
25%
What does Mike accuse Nancy of learning?Human Anatomy
24%
Who completely trusts the government?Ted
24%
Where does Lucas hope to shoot the Demogorgon?The Eye
24%
What is the name of the eighth Chapter?The Upside Down
24%
What does Karen Wheeler bring Joyce?A Casserole
23%
What are the Wheelers eating from breakfast when Joyce calls them?Scrambled Eggs
23%
How long has her daughter been missing?12 Years
22%
What does Eleven call Robert the store manager?Mouth-Breather
22%
What school dance does Mike want to go to with Eleven?Snow Ball
22%
What are humans in the flea and the acrobat theory?The Acrobat
22%
What is the name of the fifth Chapter?The Flea and the Acrobat
22%
What is the name of the second Chapter?The Weirdo on Maple Street
22%
What event was taking place in the photo where Eleven recognised Will?Science Fair
21%
Where do they claim she is from?Sweden
21%
What does Hopper see down in the underground lab?The Portal
21%
What figuring does Eleven pick for Will?The Wizard
21%
What is the name of the third Chapter?Holly, Jolly
20%
What is name of the fourth Chapter?The Body
20%
What is Lucas' slingshot called?Wrist Rocket
20%
What cigarette brand does Joyce smoke?Camel
19%
What are the police good at according to the Chief?Finding
19%
What does Joyce do to the wall where she talks to will?Makes a hole in it with an axe
19%
What relation do the boys claim Eleven is to Mike?Second Cousin
19%
What does Hopper say his daughter won when at the bar with O'Bannon?Spelling Bee
19%
Which X-Men comic does Will want from Dustin?134
18%
Who thought they could survive a jump into the quarry?Callahan
18%
What do Jonathan and Nancy shoot at in the woods?Cans
18%
What happens to the radio when Eleven makes contact with Will?Catches Fire
18%
What name do the boys give Eleven when Mr. Clarke asks?Eleanor
18%
Who finds a scrap of a hospital gown on a drainage pipe?Mr Clarke
18%
What does Troy call Eleven?A Freak
17%
What does Joyce say Will's the Wises fireballs look like?Cabbages
17%
Who kills Benny?Connie Frazier
17%
What does Nancy almost do to Steve when he won't leave?Shoot Him
17%
What stuffed animal does Hopper see in the Lab?Tiger
17%
What do the kids see that makes them hide in the school bus?A Helicopter
16%
What does Eleven scream when she finds Barb dead?GONE
16%
What does Dustin go looking for in the kitchens?Lunchlady Phyllis' Chocolate Pudding
16%
What does Nancy say She and Jonathan are doing when the cashier asks?Monster Hunting
16%
Where does Jonathan want to go to CollegeNYU
15%
What do both Mike and Eleven say when they see her dressed up for the first time?Pretty. Good.
15%
What is the name of the sixth Chapter?The Monster
15%
What does Dustin say when they walk into the assembly and everyone is there?ABORT
14%
What is in Will's mouth when Hopper and Joyce find him?A Slug
14%
What does Dustin find malfunctioning?Compasses
14%
What does Eleven do to make Mike understand how much danger she is in?Finger-gun to the head
14%
What does Hopper give Dr. Brenner in return for the chance to enter the Upside Down?Gives the Location of Eleven
14%
Where does Mike ask his mother to say if anyone asks where he is?That He's Left The Country
14%
What is Steve concerned about his father finding out about?The Beers
14%
What does Dustin call the Upside Down?The Vale of Shadows
14%
What does Mike's mother find in the basement?Blonde Wig Hair
13%
What David Bowie song plays as this is happening?Heroes
13%
What is the first original song from the score to play?Kids
13%
What is the name of the seventh Chapter?The Bathtub
13%
Who does Dr. Brenner want Eleven to spy on?The Russians
13%
What does Jonathan make for Will whilst he is in hospital?A Mixtape
12%
What does Eleven do to Troy?Breaks His Arm
12%
What does Nancy ask Eleven when she first sees her?Is That My Dress
12%
What does Troy make Mike do to protect Dustin?Jump into the Quarry
12%
What is the password to the secret hidaway castle?Radagast
12%
What does Mr. Clarke say Connie Frazier can call him?Scott
12%
When was the last suicide in Hawkins?1961
11%
What is the name of Hopper's ex wives new husband?Bill
11%
When is the second season release date?October, 30 (Halloween)
11%
What does Jonathon take from Lonnie's glove compartment?A Gun
10%
What is the name of Terry Ives sister?Becky
10%
Who tells Nancy that Jonathan is in love with her?Flo
10%
What does Jonathan shout at Nancy to do?Follow His Voice
10%
Who gets the hoses?Nancy and Mike
10%
What makes Nancy's mother suspicious of where she's been?She is Wearing Steve's Sweater
10%
What toy figuring does Dustin try to make Eleven levitate?The Millennium Falcon
10%
What do Jonathan and Nancy attach to the bear trap to signal when the Demogorgon is in the trap?Yo-Yo
10%
What is Lonnie's girlfriend called?Cynthia
9%
What poster is hung up in Will's room?Jaws
9%
Where does Lucas say his binoculars and knife are from?'Nam (Vietnam)
9%
Why does Hopper think the Hawkins Lab security chief is lying?No Rain on the Security Tape
9%
What is Mike's dinosaur called?Rory
9%
Who owns Hawkins Lab?The Department of Energy
9%
What does Lucas call the rock that Dustin finds for the wrist rocket?The Monster Killer
9%
What does Nancy compare the Demogorgon to?A Shark
8%
What does Dr. Brenner find in the basement?Benny's Diner Shirt
8%
What did Dr. Brenner say when she killed them?Incredible
8%
Who cries at Will's funeral?Jennifer Hayes
8%
Who gets the salt?Jonathan and Hopper
8%
What program was Dr. Brenner part of before the events of Stranger Things?MKUltra
8%
What is the name of the other police officer who accompanies Callahan to the School to question Nancy?Powell
8%
What does Jonathan do when he sees Will's body?Retches
8%
What does Joyce find in Lonnie's wallet?A Lawyer Firm Flyer
7%
What present does Will think he's getting?Atari
7%
What does Lucas say Eleven's powers are?Awesome
7%
What is the name of the State Trooper who found Will's body?David O'Bannon
7%
What Star Wars character does Dustin claim the Chief and Nancy are?Lando Calarissian
7%
What does he actually say?The Bad Men Are Coming
7%
What does Dr. Brenner ask Karen Wheeler to do for him?Trust Him
7%
How much salt do they need for the sensory deprivation tank?1500 Pounds
6%
What book does Hopper read to his daughter?Anne of Green Gables
5%
What was the name of the coroner that was dismissed by State Troopers?Gary
5%
Why does Eleven say the boys should turn back?It's Not Safe
5%
What does Dustin think Lucas says over the radio?Mad Hen
5%
Where did the 'Staties' find Barb's car?The Bus Station
5%
What poster does Lonnie say Jonathan should take down?The Evil Dead
5%
What film is Mr. Clarke watching?The Thing
5%
What does Callahan say attacked Tory?A Little Girl
4%
What does Carol think she caught from the pool?Frostbite
4%
Who does the coroner compare Will's body situation too when asked by Hopper?JFK
4%
What is the name of the Hawkins Lab guard outside in the guard post?Patrick
4%
What does Dustin theorise that Eleven can do to get to the Vale of Shadows?Shadow Walk
4%
Who does Brenner send into the Upside Down?Shepard
4%
Who does Jonathan say he is a fan of?Thumper
4%
What excuse does Nancy use to go Steve's party?Vigil for Will
4%
What film does Steve suggest Nancy and Him should go see?All the Right Moves
3%
What does Dr. Brenner give Eleven before she makes contact?A Potted Plant
3%
What is the punishment if the rule of law is disobeyed?Banishment
3%
What car make does Steve drive?BMW
3%
Where does Nancy ask her boyfriend to meet her?Deerborn and Maple
3%
Who did Hopper question about Benny's 'suicide'?Earl
3%
What does Nancy take from the police station that wasn't theirs?Fire Extinguisher
3%
What materials did they use in the film to make the melting person?Melted Plastic and Microwave Bubblegum
3%
Who sees Jonathan's photos of Nancy in the developing room?Nicole
3%
Why does Eleven cry around the table in the Byers home?She Can't Find Will or Barb
3%
Who owns the quarry?The Sattler Company
3%
What does Lucas have hanging above his bed?An American Flag
2%
What book is the Trooper at the morge reading?Cujo
2%
What street does Lucas ask the others to meet him on?Elm and Cherry
2%
What do the Hawkins Lab vans say on the side?Hawkins Power and Light
2%
What is Hugh Everett's theory called?Many Worlds
2%
Who else has gone missing according to Callahan?Monster Hunters Dale and Henry Moony
2%
What is Lucas' condition for getting the group back together?No More Eleven
2%
What brand of camera does Jonathan own?Pentax
2%
What brand of walkie-talkie do the boys own?Realistic
2%
What county is Hawkins in?Roane
2%
What is Hopper's girlfriends name?Sandra
2%
What is the cinema called?The Hawk
2%
Name one of the 'unexplained plot points' at the end of the D&D game?The Lost Knight, The Proud Princess, The Weird Flowers in The Cave
2%
What Dolly Parton song is playing in the army surplus store?Bargain Store
1%

Score Distribution

Percentile by Number Answered

Percent of People with Each Score

Your Score History

You have not taken this quiz since the last reset